Growth and Stability in the Middle East and North Africa /

This paper provides an economic overview of the very diverse countries within the large geographical area. It highlights the economic challenges and opportunities facing the MENA region, the policies pursued by the countries in the region, and the outlook for the external environment. The paper conc...

תיאור מלא

מידע ביבליוגרפי
מחבר ראשי: Eken, Sena
מחברים אחרים: Chauffour, Jean-Pierre, El-Erian, Mohamed, Fennell, Susan
פורמט: כתב-עת
שפה:English
יצא לאור: Washington, D.C. : International Monetary Fund, 1996.
סדרה:Pamphlet Series; Pamphlet Series, No.
גישה מקוונת:Full text available on IMF
LEADER 01530cas a2200277 a 4500
001 AALejournalIMF012378
008 230101c9999 xx r poo 0 0eng d
020 |c 5.00 USD 
020 |z 9781557755650 
022 |a 0538-8759 
040 |a BD-DhAAL  |c BD-DhAAL 
100 1 |a Eken, Sena. 
245 1 0 |a Growth and Stability in the Middle East and North Africa /  |c Sena Eken, Mohamed El-Erian, Susan Fennell, Jean-Pierre Chauffour. 
264 1 |a Washington, D.C. :  |b International Monetary Fund,  |c 1996. 
300 |a 1 online resource (50 pages) 
490 1 |a Pamphlet Series 
500 |a <strong>Off-Campus Access:</strong> No User ID or Password Required 
500 |a <strong>On-Campus Access:</strong> No User ID or Password Required 
506 |a Electronic access restricted to authorized BRAC University faculty, staff and students 
520 3 |a This paper provides an economic overview of the very diverse countries within the large geographical area. It highlights the economic challenges and opportunities facing the MENA region, the policies pursued by the countries in the region, and the outlook for the external environment. The paper concludes with eight policy recommendations. 
538 |a Mode of access: Internet 
700 1 |a Chauffour, Jean-Pierre. 
700 1 |a El-Erian, Mohamed. 
700 1 |a Fennell, Susan. 
830 0 |a Pamphlet Series; Pamphlet Series, No. 
856 4 0 |z Full text available on IMF  |u http://elibrary.imf.org/view/books/054/02953-9781557755650-en/02953-9781557755650-en-book.xml  |z IMF e-Library